Saturday Night Live General Knowledge - Statistics

General Stats
  • This quiz has been taken 50 times
  • The average score is 13 of 20
Answer Stats
Hint Answer % Correct
She is best known as a Weekend Update Anchor and for her impersonation of Sarah Palin Tina Fey
93%
This cast member has had the longest run on the show Kenan Thompson
91%
You need to host the show at least this many times to join this lucrative club Five
89%
He saved the show in the early eighties with characters such as Gumby, Little Richard Simmons, and Buckwheat Eddie Murphy
84%
With the exceptions of 5 years in the 1980's this man has served as producer of the show and is credited with much of the shows success through the years Lorne Michaels
80%
This character played by Bill Hader always knew the best places around New York City to go to Stefon
78%
What does Bruce Dickinson (Christopher Walken) need more of? Cowbell
76%
The character above married this Weekend Update Anchor Seth Meyers
76%
This movie starring Mike Myers and Dana Carvey was originally a sketch on the show Wayne's World
76%
After playing characters such as Opera Man and Cajun Man this cast member was fired Adam Sandler
73%
Who portrayed Matt Foley, an over-the-top, thrice-divorced motivational speaker who constantly reminded other characters that he "lived in a van down by the river" Chris Farley
69%
He holds the record for most times hosting Saturday Night Live at 17 Alec Baldwin
67%
This comedy group created SNL Digital Shorts such as Lazy Sunday, Iran so far, and the Laser Cat Series The Lonely Island
67%
This member of SNL was part of the original cast and played characters like Samurai Futaba and Jake Blues Jim Belushi
60%
In 1982 at age 7 she became the youngest person to ever host Saturday Night Live Drew Barrymore
58%
This former NBA player holds the record for most times by any professional athlete Charles Barkley
51%
Who was the long time announcer of SNL until 2014 when he passed away Don Pardo
42%
This segment involves Michael Che and Colin Jost writing jokes for each other that they will not see until they read them on air Joke Swap
42%
What theater located in New York City is known to have been the place where many SNL castmates performed prior to being on SNL Upstanding Citizens Brigade
22%
What theater located in Chicago is known to have been the place where many SNL castmates performed prior to being on SNL Second City Theater
4%
No matching quizzes found
Score Distribution
Percent of People with Each Score
Percentile by Number Answered
Your Score History
You have not taken this quiz